000
00337nam a22001457a 4500
003
OSt
008
250505b |||||||| |||| 00| 0 eng d
082
_a
294.544 SHA
100
_a
SHARMA, Surender Kumar
245
_a
Anant ki Aur
250
_a
11th
260
_a
New Delhi
_b
Arya Prakashan
_c
2011
650
_a
General
942
_2
ddc
_c
BK
999
_c
13530
_d
13530